[Event "Berlin Lichtenberger op 14th"]
[Site "Berlin"]
[Date "2015.08.21"]
[Round "7"]
[White "Becker, Jared"]
[Black "Janse, Sebastiaan"]
[Result "1/2-1/2"]
[WhiteElo "1968"]
[BlackElo "1725"]
[PlyCount "91"]
[EventDate "2015.08.15"]
[EventType "swiss"]
[EventRounds "9"]
[EventCountry "GER"]
[SourceTitle "EXT 2016"]
[Source "ChessBase"]
[SourceDate "2015.10.08"]
[SourceVersion "1"]
[SourceVersionDate "2015.10.08"]
[SourceQuality "1"]

1. e4 e5 2. Nf3 Nc6 3. Bb5 a6 4. Ba4 Nf6 5. 0-0 Be7 6. Re1 b5 7. Bb3 d6 8. c3 0-0 9. h3 Na5 10. Bc2 c5 11. d4 Qc7 12. Nbd2 Re8 13. Nf1 Bf8 14. dxe5 dxe5 15. Ne3 Bb7 16. Nf5 Rad8 17. Qe2 Nc4 18. Bg5 Bc8 19. Bxf6 gxf6 20. N3h4 Rd2 21. Qg4+ Kh8 22. Bb3 Bh6 23. Qh5 Bg5 24. Nf3 Bxf5 25. exf5 Rxb2 26. Nxg5 fxg5 27. Qxg5 Qd8 28. Qxd8 Rxd8 29. Bxc4 bxc4 30. Rxe5 Rdd2 31. Rf1 Rxa2 32. f6 h6 33. Rxc5 a5 34. Rxc4 a4 35. Rc7 Kg8 36. c4 a3 37. Ra7 Rdc2 38. Ra4 Kh7 39. Kh2 Kg6 40. Kg3 Kxf6 41. Kf3 Ke5 42. Re1+ Kd4 43. Re4+ Kc5 44. Re3 Rxf2+ 45. Ke4 Rxg2 46. Raxa3 1/2-1/2

[Event "Berlin Lichtenberger op 14th"]
[Site "Berlin"]
[Date "2015.08.17"]
[Round "3"]
[White "Becker, Jared"]
[Black "Kornath, Heinrich"]
[Result "1-0"]
[WhiteElo "1968"]
[BlackElo "1829"]
[PlyCount "79"]
[EventDate "2015.08.15"]
[EventType "swiss"]
[EventRounds "9"]
[EventCountry "GER"]
[SourceTitle "EXT 2016"]
[Source "ChessBase"]
[SourceDate "2015.10.08"]
[SourceVersion "1"]
[SourceVersionDate "2015.10.08"]
[SourceQuality "1"]

1. e4 c5 2. Nf3 e6 3. d4 cxd4 4. Nxd4 a6 5. Nc3 Qc7 6. g3 Nf6 7. Bg2 Nc6 8. 0-0 Bc5 9. Nde2 0-0 10. Na4 Be7 11. c4 b5 12. cxb5 axb5 13. Nac3 Rb8 14. Bf4 d6 15. Rc1 Qd7 16. Qd2 Rd8 17. Rfd1 b4 18. Na4 Ne5 19. b3 Bb7 20. Qb2 Qb5 21. Nd4 Qa5 22. f3 Ng6 23. Be3 Rdc8 24. Rxc8+ Rxc8 25. Ne2 e5 26. Nb6 Rd8 27. Nc4 Qa6 28. Nc1 d5 29. Nxe5 dxe4 30. Rxd8+ Bxd8 31. f4 Qd6 32. Qd4 Be7 33. Nc4 Qxd4 34. Bxd4 h5 35. Nd2 h4 36. Bxf6 Bc5+ 37. Kf1 e3 38. Nc4 hxg3 39. hxg3 Ne7 40. Nd3 1-0

[Event "Berlin Lichtenberger op 12th"]
[Site "Berlin"]
[Date "2013.08.24"]
[Round "8"]
[White "Becker, Jared"]
[Black "Hermannsdoerfer, Frank"]
[Result "0-1"]
[WhiteElo "2038"]
[BlackElo "2228"]
[PlyCount "74"]
[EventDate "2013.08.17"]
[EventType "swiss"]
[EventRounds "9"]
[EventCountry "GER"]
[SourceTitle "CBM 156 Extra"]
[Source "ChessBase"]
[SourceDate "2013.10.22"]
[SourceVersion "1"]
[SourceVersionDate "2013.10.22"]
[SourceQuality "1"]

1. e4 d6 2. d4 Nf6 3. Nc3 c6 4. g3 e5 5. Bg2 b5 6. Nge2 Be7 7. 0-0 0-0 8. h3 Re8 9. Bg5 Nbd7 10. Qd2 Bb7 11. Rad1 a6 12. Be3 Bf8 13. Bg5 h6 14. dxe5 Nxe5 15. Bf4 Nc4 16. Qc1 b4 17. Rd4 bxc3 18. Rxc4 d5 19. Rxc3 Nxe4 20. Rd3 a5 21. Rdd1 Ba6 22. Rfe1 Bc5 23. Be3 Bxe3 24. Qxe3 Nxg3 25. Qxg3 Bxe2 26. Rd2 Bb5 27. Red1 Qf6 28. b3 Re5 29. c4 Rg5 30. Qd3 dxc4 31. bxc4 Ba6 32. Kh1 Rc5 33. Rc1 Re8 34. Qd7 Rce5 35. Bxc6 Bc8 36. Qc7 R5e7 37. Qxa5 Qxc6+ 0-1

[Event "Berlin Unicorn op"]
[Site "Berlin"]
[Date "2008.05.02"]
[Round "4"]
[White "Becker, Jared"]
[Black "Jaskulski, Klaus"]
[Result "1-0"]
[WhiteElo "2071"]
[BlackElo "1869"]
[PlyCount "67"]
[EventDate "2008.04.30"]
[EventType "swiss"]
[EventRounds "7"]
[EventCountry "GER"]
[SourceTitle "CBM 124 Extra"]
[Source "ChessBase"]
[SourceDate "2008.07.03"]
[SourceVersion "1"]
[SourceVersionDate "2008.07.03"]
[SourceQuality "1"]

1. e4 c5 2. Nf3 b6 3. d4 cxd4 4. Nxd4 Bb7 5. f3 e6 6. Nc3 Bb4 7. Ndb5 d5 8. Bf4 Na6 9. Qd4 Nf6 10. e5 Bc5 11. Qd2 Nd7 12. 0-0-0 Nb4 13. Bg5 Qb8 14. f4 Nc6 15. Ne2 a6 16. Nbd4 Be7 17. Bxe7 Nxe7 18. g4 h5 19. gxh5 Rxh5 20. Ng3 Rh8 21. h4 Nc6 22. Nf3 b5 23. Bd3 b4 24. Rde1 a5 25. Rhg1 a4 26. Ne2 g6 27. Bxg6 fxg6 28. Rxg6 Nc5 29. Reg1 Bc8 30. Ned4 b3 31. a3 bxc2 32. Qxc2 Qb6 33. Rg8+ Rxg8 34. Rxg8+ 1-0

[Event "Berlin Unicorn op"]
[Site "Berlin"]
[Date "2008.05.01"]
[Round "3"]
[White "Prinz, Tade"]
[Black "Becker, Jared"]
[Result "0-1"]
[WhiteElo "1717"]
[BlackElo "2071"]
[PlyCount "128"]
[EventDate "2008.04.30"]
[EventType "swiss"]
[EventRounds "7"]
[EventCountry "GER"]
[SourceTitle "CBM 124 Extra"]
[Source "ChessBase"]
[SourceDate "2008.07.03"]
[SourceVersion "1"]
[SourceVersionDate "2008.07.03"]
[SourceQuality "1"]

1. d4 Nf6 2. Nf3 g6 3. Bf4 Bg7 4. Nbd2 d5 5. e3 0-0 6. Bd3 c6 7. c3 Nfd7 8. a4 Re8 9. Ne5 Nf8 10. h4 Nbd7 11. h5 Nxe5 12. dxe5 Ne6 13. hxg6 fxg6 14. Bg3 Nf8 15. a5 Be6 16. f4 Qd7 17. Nf3 Bg4 18. Be2 Bxf3 19. Bxf3 e6 20. Qc2 Rac8 21. Rd1 Qc7 22. Qa4 Nd7 23. Qa3 Bf8 24. Qa2 Bc5 25. Bf2 Nf8 26. b4 Be7 27. Qe2 c5 28. Qb5 cxb4 29. cxb4 Qc3+ 30. Kf1 Qxb4 31. Be2 Qxb5 32. Bxb5 Red8 33. Bd3 Rc5 34. Be1 Rdc8 35. Bb4 Rc1 36. Rxc1 Rxc1+ 37. Be1 Bb4 38. Ke2 Bxa5 39. Rf1 Rxe1+ 40. Rxe1 Bxe1 41. Kxe1 Nd7 42. Kd2 Nc5 43. Bc2 Kf7 44. Kc3 b6 45. Kb4 a6 46. Bd1 h6 47. Bc2 g5 48. Bb1 g4 49. Kc3 h5 50. Kd4 g3 51. f5 h4 52. fxe6+ Kxe6 53. Bh7 h3 54. gxh3 g2 55. Bg8+ Ke7 56. Bxd5 g1Q 57. Bf3 Qa1+ 58. Kd5 Nd3 59. e4 Qxe5+ 60. Kc4 Ne1 61. Bh1 Qh2 62. e5 Qxh1 63. h4 Qe4+ 64. Kc3 Qd3+ 0-1

[Event "Zehlendorf op"]
[Site "Berlin"]
[Date "2007.11.02"]
[Round "3"]
[White "Becker, Jared"]
[Black "Jahnz, Fabian"]
[Result "0-1"]
[WhiteElo "1978"]
[BlackElo "2079"]
[PlyCount "60"]
[EventDate "2007.10.11"]
[EventType "swiss"]
[EventRounds "7"]
[EventCountry "GER"]
[SourceTitle "EXT 2010"]
[Source "ChessBase"]
[SourceDate "2010.11.25"]
[SourceVersion "1"]
[SourceVersionDate "2010.11.25"]
[SourceQuality "1"]

1. e4 c5 2. Nf3 e6 3. d4 cxd4 4. Nxd4 Nc6 5. Nc3 Qc7 6. g3 a6 7. Bg2 b5 8. 0-0 Bb7 9. Re1 d6 10. b3 Nxd4 11. Qxd4 Be7 12. f4 d5 13. Kh1 b4 14. Na4 dxe4 15. Bb2 Nf6 16. Qb6 Rc8 17. Rac1 Qb8 18. Qg1 Rd8 19. Bxf6 Bxf6 20. Rcd1 Rxd1 21. Rxd1 0-0 22. Nc5 Qc8 23. Bxe4 Bxe4+ 24. Nxe4 Qxc2 25. Nxf6+ gxf6 26. Qd4 Kg7 27. Rd2 Qc6+ 28. Kg1 a5 29. Qd6 Qc1+ 30. Kf2 Qh1 0-1

[Event "US Open-102"]
[Site "Framingham"]
[Date "2001.08.09"]
[Round "6"]
[White "Becker, Jared"]
[Black "Kaliksteyn, Alexander"]
[Result "0-1"]
[WhiteElo "2106"]
[BlackElo "2373"]
[PlyCount "86"]
[EventDate "2001.08.04"]
[EventType "swiss"]
[EventRounds "9"]
[EventCountry "USA"]
[SourceTitle "CBM 083 Extra"]
[Source "ChessBase"]
[SourceDate "2001.09.11"]
[SourceVersion "1"]
[SourceVersionDate "2001.09.11"]
[SourceQuality "1"]

1. e4 c5 2. Nf3 d6 3. d4 cxd4 4. Qxd4 Qc7 5. c4 Nc6 6. Qd2 Nf6 7. Nc3 g6 8. b3 Bg7 9. Bb2 0-0 10. Be2 Qa5 11. Rb1 a6 12. 0-0 Bg4 13. a3 Rfc8 14. b4 Qb6 15. Rfc1 Bxf3 16. gxf3 Nd4 17. Nd5 Nxd5 18. cxd5 Rxc1+ 19. Bxc1 Rc8 20. Bb2 Nxe2+ 21. Qxe2 Bxb2 22. Qxb2 Qc7 23. f4 Qc3 24. e5 Qd3 25. Rc1 Rxc1+ 26. Qxc1 Qxd5 27. exd6 exd6 28. Qc8+ Kg7 29. Qc3+ Kf8 30. Qc8+ Ke7 31. Qc7+ Kf6 32. Qc3+ Kf5 33. Qh3+ Kxf4 34. Qh4+ Kf5 35. Qxh7 Ke5 36. Qh3 Kd4 37. Qe3+ Kc4 38. h3 Kb5 39. h4 Ka4 40. f3 Qe5 41. Qd3 d5 42. Kg2 f5 43. Kf2 d4 0-1